| 000 | 00939nam a2200193Ia 4500 | ||
|---|---|---|---|
| 999 |
_c39404 _d39404 |
||
| 001 | 5994 | ||
| 003 | GE_BSU | ||
| 005 | 20190628173117.0 | ||
| 008 | 181216s1981||||ge |||||||||||||| ||geo|| | ||
| 041 | _ageo | ||
| 080 | _a621.7/9-52 ა-87 | ||
| 100 |
_aასათიანი, მ. _93078 |
||
| 245 |
_aლითონდასამუშავებელი სისტემები პროგრამული მართვით / _cმ. ასათიანი ; რედ : დ.გაფრინდაშვილი. |
||
| 264 |
_aთბილისი : _bუნ-ტის გამ-ბა, _c1981. |
||
| 300 |
_a54 გვ .: _bილ ; _c19 სმ. |
||
| 653 | _aლითონდასამუშავებელი სისტემების პროგრამული მართვა | ||
| 700 |
_aგაფრინდაშვილი, დ _eრედაქტორი _93079 |
||
| 942 |
_cBK _2udc |
||